UEFA Euro 2016 Qualified teams - Statistics

General Stats
  • This quiz has been taken 574 times
    531 since last reset
  • The average score is 21 of 24
Answer Stats
Qual. pool Answer % Correct
Host France
98%
I Portugal
98%
D Germany
97%
E England
95%
C Spain
95%
H Italy
91%
Play-off winner Sweden
91%
B Wales
90%
Play-off winner Ireland
89%
G Russia
89%
B Belgium
88%
D Poland
87%
H Croatia
86%
E Switzerland
86%
A Iceland
85%
G Austria
82%
Play-off winner Hungary
82%
I Albania
80%
F Romania
80%
C Slovakia
80%
A, best third Turkey
79%
F Northern Ireland
78%
Play-off winner Ukraine
78%
A Czech Republic
68%
No matching quizzes found
Score Distribution
Percent of People with Each Score
Percentile by Number Answered
Your Score History
You have not taken this quiz since the last reset